| 000 | 00719cam a22001934a 4500 | ||
|---|---|---|---|
| 020 | _a0072487828 (softcover : alk. paper) | ||
| 040 | _cDLC | ||
| 082 | 0 | 0 | _a306 HIL 2003 A065 Or. |
| 245 | 0 | 4 |
_aThe meaning of difference : _bAmerican constructions of race, sex and gender, social class, and sexual orientation : a text/reader / |
| 250 | _a3rd ed. | ||
| 260 |
_aBoston, Mass. : _bMcGraw-Hill, _c2003. |
||
| 300 |
_axvii, 526, 14 p. : _bill. ; _c23 cm. |
||
| 650 | 0 | _aCultural pluralism | |
| 700 | 1 | _aRosenblum, Karen Elaine. | |
| 700 | 1 | _aTravis, Toni-Michelle, | |
| 856 | 4 | 1 | _uhttp://www.loc.gov/catdir/toc/mh031/2002069597.html |
| 856 | 4 | 2 | _uhttp://www.loc.gov/catdir/description/mh024/2002069597.html |
| 942 | _cEK | ||
| 999 |
_c14356 _d14356 |
||